| 000 | 01395cam a2200337 a 4500 | ||
|---|---|---|---|
| 001 | 9997 | ||
| 003 | BD-RjUL | ||
| 005 | 20211208234857.0 | ||
| 008 | 040121s1884 ii 001 0 eng d | ||
| 035 | _a(BD-RjUL)10044 | ||
| 040 |
_aBD-RjUL _beng _cBD-RjUL _dBD-RjUL |
||
| 041 | _aeng | ||
| 082 |
_223 _a297 _bBAE 1884 |
||
| 100 | 1 |
_aBate, J. D. _q(John Drew), _d1836-1924 _9221776 |
|
| 245 | 1 | 3 |
_aAn examination of the claims of Ishmael as viewed by Muhammadans : _b(being the first chapter of section I. of Studies in Islam) / _cby J.D. Bate. |
| 246 | 3 | 3 | _aStudies in Islam |
| 246 | 1 | 0 | _aClaims of Ishmael |
| 260 |
_aBanâras : _bE.J. Lazarus and Co., _c1884. |
||
| 300 |
_axiii, 352, xix p. ; _c24 cm. |
||
| 490 |
_aThe missionary's vade-mecum ; _vFirst series. |
||
| 500 | _aAt head of title page: The missionary's vade-mecum:- first series. | ||
| 500 | _aSpine title: Studies in Islam. The claims of Ishmael. | ||
| 500 | _aWith an advertisement for works by the author and 48 pages of advertisements for works published by W.H. Allen. | ||
| 600 | 0 | 0 |
_aIshmael _c(Biblical figure) _xIn the Qurʼan. _9221777 |
| 600 | 0 | 0 |
_aMuḥammad, _cProphet, _d-632. _9221783 |
| 650 | 0 |
_aIslam _xDoctrines. _9221779 |
|
| 650 | 0 |
_aIslam _xRelations _xJudaism. _9221780 |
|
| 650 | 0 |
_aIslam _xRelations _xChristianity. _9221781 |
|
| 830 | 0 |
_aMissionary's vade-mecum _vFirst series. _9221782 |
|
| 942 |
_2ddc _cRAR |
||
| 999 |
_c9997 _d9997 |
||